Normal view
MARC view
- Vélez Gómez, María Eliana,
Entry Nombre Personal
001 - NUMERO DE CONTROL
- campo de control: 32883
003 - IDENTIFICADOR DE NUMERO DE CONTROL
- campo de control: UPN
005 - FECHA Y HORA DE LA ÜLTIMA TRANSACCIÓN
- campo de control: 20210219194437.0
008 - DATOS DE LONGITUD FIJA
- campo de control de longitud fija: nabaccnnaabn|||||||||| b |nc|||||d
035 ## - NUMERO DE CONTROL
- Número de control: UPN11000004990
040 ## - FUENTE DE CATALOGACIÓN
- Lenguaje de catalogación: SPA
- Agencia de transcripción: UPN
053 #4 - NÚMERO DE CLASIFICACIÓN LC
- Número de clasificación elemento-número único o número inicial de tramo: PQ8180.432 E4.3
100 1# - ENCABEZAMIENTO - NOMBRE PERSONAL
- Nombre personal: Vélez Gómez, María Eliana,
- Fechas asociadas con el nombre: 1979-
670 ## - FUENTE EN LA QUE SE LOCALIZARON DATOS
- Cita de la fuente: T
- Uniform Resource Identifier: http://www.buscalibre.com/el-diminut-piti-maria-eliana-velez-gomez-antonio-miguel-vinas-arjona-maria-teresa-ramos-muro-editorial-ecir-s-a/p/7c6dl4b
680 ## - NOTA PUBLICA DE ACCESO PÚBLICO
- Frase explicativa de la referencia: Escritora colombiana
902 ## - CATALOGADOR
- Catalogador: MITM/031212
